LDR 00993naa#a2200193#i#450# 001 EN\\bibl\19961 005 20260702061806.4 100 ## _a20260630b2026####ek#y0engy0150####ca 102 ## _aRU 200 1# _aMATHEMATICAL ANALYSIS AND INTERPRETATION OF THE RESULTS OF WORK ON THE FORMATION OF INJURY PREVENTION SKILLS AMONG STUDENTS OF AN EDUCATIONAL ORGANIZATION _eConference article/thesis 210 1# _aVoronezh _cFSBE Institution of Higher Education Voronezh State University of Forestry and Technologies named after G.F. Morozov _d2026 215 ## _a6 с. 608 ## _aConference article/thesis _2local 675 ## _aТрадиционные (большей частью печатные) учебные пособия и учебники. 371.67 _aПредотвращение несчастных случаев. Защита и безопасность. 614.8.084 _z 700 #1 _aKorotkov _gM. A. 700 #1 _aGoryunov _gV. A. 700 #1 _aSazonova _gS. A. 700 #1 _aDronov _gD. I. 856 4# _abibl.vgltu.ru _u